| 000 | 00541nam a2200193Ia 4500 | ||
|---|---|---|---|
| 005 | 20250508151756.0 | ||
| 008 | 008 250505s9999 xx 000 0 hin d | ||
| 037 | _aBooks to be hide in OPAC | ||
| 040 |
_aFEDL _beng _cFEDL |
||
| 041 |
_ahin _2eng |
||
| 084 |
_a491.435, SHA/O _qFEDL |
||
| 100 |
_aShanti B P M _9759955 |
||
| 245 | 0 | _aSwatantra hindi vyakaran | |
| 260 |
_aPrayag, India _bIndian Press Ltd. _c1954 |
||
| 300 | _a216p. | ||
| 546 | _aWeeded out | ||
| 942 |
_cHB _h491.435, SHA/O |
||
| 999 |
_c1332084 _d1332084 |
||